000 00623nam a2200229Ia 4500
003 OSt
005 20220928113651.0
006 a|||||r|||| 00| 0
007 ta
008 220927b |||||||| |||| 00| 0 eng d
024 _a62561
037 _cTextual
040 _aSDCL
_cSDCL
_beng
041 _2eng
_aeng
082 _aDelta:87, P0
100 _aGyatso Geshe Kelsang
_9420667
245 0 _aTantric grounds and paths
260 _aDelhi
_bMotilal Banarsidass Publishers
_c2000
300 _avii,272p
_ccm.
942 _hDelta:87, P0
_cTEXL
_2CC
999 _c750710
_d750710